000 00427pab a2200169 454500
008 180718b1987 xxu||||| |||| 00| 0 eng d
100 _aSirmans, G. Stacy
245 _aCreative financing, house prices, and property tax inequities
260 _c1987
300 _a409-15
362 _aOct.
650 _aHousing - Finance
700 _aStanleyd Smith
700 _aC.F. Sirmans
773 _aUrban Studies
909 _a9882
999 _c9882
_d9882